000 00437cam a2200193ua 4500
001 7257
008 141223n ii |||gr||||Z||||||ben
020 _a81729311131
040 _cMAIN
041 _aben
082 _a891.44
100 _aGuha, B.,
_eAuthor.
245 _aSareng miya
_cBy Buddhadev Guha
250 _a3rd.
260 _aCalcutta:
_bMitra & Ghosh,
_c1993.
300 _a181p.
653 _aBengali novels
942 _cBK
999 _c6382
_d6382